000 00195 a2200097 4500
001 4428
100 _aMoore,W.J
245 _aPhysical chemistry
260 _a
_bLongmans
_c
090 _c3626
_d3626
942 _aNUST-CAE
_cM
_c29180
999 _c239501
_d239501